| 000 | 00835cam a2200265 a 4500 | ||
|---|---|---|---|
| 001 | 15879006 | ||
| 005 | 20180104040809.0 | ||
| 008 | 090824s2010 ilu b 000 0 eng | ||
| 010 | _a 2009035013 | ||
| 020 | _a9781433513831 (tpb) | ||
| 020 | _a9781433524196 (ebk) | ||
| 020 | _a9781433513848 (pdf) | ||
| 020 | _a1433513838 (tpk) | ||
| 040 |
_aDLC _cDLC _dDLC |
||
| 041 | _aeng | ||
| 080 | _a261.873 | ||
| 082 | 0 | 0 |
_a261.873 CHA _222 |
| 100 | 1 | _a19 | |
| 101 | _aSHP | ||
| 245 | 1 | 0 |
_aWar, peace, and Christianity : _cJ. Daryl Charles and Timothy J. Demy. |
| 504 | _aIncludes bibliographical references (p. 399-406) and two indexes. | ||
| 906 |
_a7 _bcbc _corignew _d1 _eecip _f20 _gy-gencatlg |
||
| 942 |
_2ddc _cBK |
||
| 999 |
_c39664 _d39664 |
||